| 000 | 00610nam a2200169 a 4500 | ||
|---|---|---|---|
| 001 | 000035091 | ||
| 005 | 20200930074110.0 | ||
| 008 | 111025s1892 sp 000 0 spa d | ||
| 040 |
_aDO-SdBNP _bspa _cBNPHU |
||
| 082 |
_axxxx _bC659s |
||
| 100 | 1 |
_aCocat, Luis _960753 |
|
| 245 | 1 | 3 |
_aLa señá Manuela : _b(segunda parte de "Nina"), juguete cósmico-lírico en un acto y en prosa / _cLuis Cocat, Heliodoro Criado ; música Apolinar Brull. |
| 260 |
_aMadrid : _bR. Velasco, impresor, Rubio, _c1892. |
||
| 300 |
_a29 p. ; _c19 cm. |
||
| 700 | 1 | 2 |
_aCriado, Heliodoro _960754 |
| 700 | 1 | 2 |
_aBrull, Apolinar, _emús. _960755 |
| 999 |
_c34582 _d34582 |
||